<?xml version="1.0" encoding="UTF-8"?><?xml-stylesheet type="text/xsl" href="static/style.xsl"?><OAI-PMH xmlns="http://www.openarchives.org/OAI/2.0/" xmlns:xsi="http://www.w3.org/2001/XMLSchema-instance" xsi:schemaLocation="http://www.openarchives.org/OAI/2.0/ http://www.openarchives.org/OAI/2.0/OAI-PMH.xsd"><responseDate>2026-04-14T14:39:09Z</responseDate><request verb="GetRecord" identifier="oai:uvadoc.uva.es:10324/37994" metadataPrefix="marc">https://uvadoc.uva.es/oai/request</request><GetRecord><record><header><identifier>oai:uvadoc.uva.es:10324/37994</identifier><datestamp>2025-03-26T19:10:17Z</datestamp><setSpec>com_10324_1154</setSpec><setSpec>com_10324_931</setSpec><setSpec>com_10324_894</setSpec><setSpec>col_10324_1290</setSpec></header><metadata><record xmlns="http://www.loc.gov/MARC21/slim" xmlns:doc="http://www.lyncode.com/xoai" xmlns:xsi="http://www.w3.org/2001/XMLSchema-instance" xmlns:dcterms="http://purl.org/dc/terms/" xsi:schemaLocation="http://www.loc.gov/MARC21/slim http://www.loc.gov/standards/marcxml/schema/MARC21slim.xsd">
<leader>00925njm 22002777a 4500</leader>
<datafield tag="042" ind1=" " ind2=" ">
<subfield code="a">dc</subfield>
</datafield>
<datafield tag="720" ind1=" " ind2=" ">
<subfield code="a">Martínez González, Alejandro</subfield>
<subfield code="e">author</subfield>
</datafield>
<datafield tag="260" ind1=" " ind2=" ">
<subfield code="c">2019</subfield>
</datafield>
<datafield tag="520" ind1=" " ind2=" ">
<subfield code="a">The role of language in numerical processing has traditionally been restricted to counting&#xd;
and exact arithmetic. Nevertheless, the impact that each of a bilinguals’ languages may have in core&#xd;
numerical representations has not been questioned until recently. What if the language in which math&#xd;
has been first acquired (LLmath) had a bigger impact in our math processing? Based on previous&#xd;
studies on language switching we hypothesize that balanced bilinguals would behave like unbalanced&#xd;
bilinguals when switching between the two codes for math. In order to address this question, we&#xd;
measured the brain activity with magneto encephalography (MEG) and source estimation analyses of&#xd;
12 balanced Basque-Spanish speakers performing a task in which participants were unconscious of&#xd;
the switches between the two codes. The results show an asymmetric switch cost between the two&#xd;
codes for math, and that the brain areas responsible for these switches are similar to those thought&#xd;
to belong to a general task switching mechanism. This implies that the dominances for math and&#xd;
language could run separately from the general language dominance.</subfield>
</datafield>
<datafield tag="024" ind2=" " ind1="8">
<subfield code="a">Languages, 2019, vol. 3, n. 4.  21 p.</subfield>
</datafield>
<datafield tag="024" ind2=" " ind1="8">
<subfield code="a">2226-471X</subfield>
</datafield>
<datafield tag="024" ind2=" " ind1="8">
<subfield code="a">http://uvadoc.uva.es/handle/10324/37994</subfield>
</datafield>
<datafield tag="024" ind2=" " ind1="8">
<subfield code="a">10.3390/languages4030068</subfield>
</datafield>
<datafield tag="245" ind1="0" ind2="0">
<subfield code="a">Language and Math: What If We Have Two Separate Naming Systems?</subfield>
</datafield>
</record></metadata></record></GetRecord></OAI-PMH>